Tratado de organización de empresas / (Record no. 90033)

MARC details
000 -LEADER
campo de control de longitud fija 00647nam a2200193 i 4500
001 - NÚMERO DE CONTROL
campo de control 90033
003 - IDENTIFICADOR DE NÚMERO DE CONTROL
campo de control ES-MaACL
005 - FECHA Y HORA DE LA ÚLTIMA TRANSACCIÓN
campo de control 20250902080711.0
007 - CAMPO FIJO DE DESCRIPCIÓN FÍSICA--INFORMACIÓN GENERAL
campo de control de longitud fija t|
008 - DATOS DE LONGITUD FIJA--INFORMACIÓN GENERAL
campo de control de longitud fija 050117s1956 sp |||| | spa d
100 1# - ENTRADA PRINCIPAL--NOMBRE DE PERSONA
Nombre de persona Leener, Georges de.
9 (RLIN) 71208
245 10 - MENCIÓN DEL TÍTULO
Título Tratado de organización de empresas /
Mención de responsabilidad, etc. Georges de Leener ; traducción del francés por Francisco Hortelano Hernández.
260 ## - PUBLICACIÓN, DISTRIBUCIÓN, ETC.
Lugar de publicación, distribución, etc. Madrid :
Nombre del editor, distribuidor, etc. Aguilar,
Fecha de publicación, distribución, etc. 1956 (
Fabricante Grijelmo)
300 ## - DESCRIPCIÓN FÍSICA
Extensión XXXV, 548 p. ;
Dimensiones 21 cm.
650 #7 - PUNTO DE ACCESO ADICIONAL DE MATERIA--TÉRMINO DE MATERIA
Término de materia o nombre geográfico como elemento de entrada Organización de la empresa
Fuente del encabezamiento o término embne
9 (RLIN) 12228
700 1# - ENTRADA AGREGADA--NOMBRE PERSONAL
Nombre de persona Hortelano Hernández, Francisco.
9 (RLIN) 64264
852 ## - LOCALIZACIÓN
Ubicación ES-MaACL
Número de control de estantería C-11559
Holdings
Estatus retirado Estado de pérdida Estado de daño No para préstamo Biblioteca de origen Biblioteca actual Ubicación en estantería Fecha de adquisición Fuente de adquisición Total de préstamos Signatura topográfica completa Código de barras Visto por última vez Precio de reemplazo Tipo de ítem Koha
        Biblioteca del Ateneo de Madrid Biblioteca del Ateneo de Madrid Sala Palomar 17/01/2008     C-11559 1094024 23/02/2023 23/02/2023 Libro impreso